000 00373nam a2200133Ia 4500
008 191206s9999 xx 000 0 und d
020 _a0823029891 :
090 _aN7433.8B47
245 0 _aMaking art on your computer
260 _aWatson/Guptill Publications
260 _cc1986
300 _a144 p. : ill. (some col.) ; 29 cm.
999 _c16383
_d16383